Statistics for Anime Characters A-Z

Click here to take the quiz!

General Stats

  • This quiz has been taken 43 times
  • The average score is 6 of 26

Answer Stats

LetterHintAnswer% Correct
LA genius eccentric detective who eats sweets and sits strangely to increase his reasoning abilities.L Lawliet
91%
BThe son of a more well known ninja.Boruto Uzumaki
85%
KA bookworm finds himself in a life endangering accident after going on a date with a mysterious girl. His life is forever changed.Ken Kaneki
48%
EA master tactician who seeks the truth of what's outside the walls.Erwin Smith
45%
IThe protagonist of a classic 2000's shounen.Ichigo Kurosaki
36%
FA very cheery student council secretary with pink hair.Chika Fujiwara
30%
CThe most popular of four rental girlfriend.Chizuru Ichinose
30%
ZControls a giant ape-like beast.Zeke Jeager
30%
MThis person should really stop exploding things, but she wont.Megumin
27%
RA man who hunts demons with his master sword skills, he ranks among the top in his organisation and is extremely well respected.Rengoku Kyoujiro
27%
YSomeone who should probably stop eating fingers.Yuuji Itadori
27%
GThe character has a very popular theme in which the title is named after him.Giorno Giovanna
18%
HA well-endowed goddess who cares deeply about her dungeon exploring adventurers.Hestia
18%
DAn immortal vampire who famously enquires about the relative positions of himself and another person.Dio Brando
15%
SThe perfect man who can handle every situation with the utmost class, always achieving perfect results.Sakamoto
15%
TAn extremely kind-hearted girl who works towards helping those around her get over their trauma despite what they may have done wrong in the past.Tohru Honda
15%
UA confident, cheerful and energetic women with the words "sugoi dekai" written on her chest.Hana Uzaki
12%
VHolds the title Storm Dragon and is addicted to manga.Veldora Tempest
12%
AOne of the 41 supreme beings, known as the Sorcerer King.Ainz Ooal Gown
9%
JA mass serial killer who's true name is unknown.Johan Liebert
9%
PA spirit who takes the form of a cat.Puck
9%
QThe Queen of a country that summoned four cardinal heroes to fight back waves of monsters.Queen Melromarc
9%
WThe nemesis of the a famous British detective character written by Arthur Conan Doyle.William James Moriarty
9%
NIs often the recipient of playful teasing by the teasing master herself.Nishikata
6%
OThe dragon god who is cursed to be hated and feared by all living creatures.Orsted
6%
XA character who often introduces himself as the trickster priest and his catchphrase is "That is a secret".Xellos
3%

Score Distribution

Percentile by Number Answered

Percent of People with Each Score

Your Score History

You have not taken this quiz